| 000 | 00784cab a2200229 4500 | ||
|---|---|---|---|
| 001 | ABS37979 | ||
| 008 | 090401t1987 xxu||||| |||| 00| 0 eng d | ||
| 035 | _a(Sirsi) u7872 | ||
| 041 | _aeng | ||
| 100 | _aAdderley, Peter | ||
| 245 | _aAdministration - keeping records 3: microfilming | ||
| 260 | _c1987 | ||
| 300 | _a(See also Abstracts 37768 and 37860) | ||
| 350 | _a0 | ||
| 490 |
_aArchitects` Journal _v186(26) July 1987, 65-66(2) |
||
| 520 | _aIn the last of the series, the author considers the advantages of microfilming documents. Concludes with a checklist of points to consider when keeping records. | ||
| 650 | _aARCHITECTS | ||
| 650 | _aDOCUMENT RETENTION | ||
| 690 | _aMANAGEMENT-BUSINESS MANAGEMENT-PROFESSIONAL PRACTICE | ||
| 942 | _n0 | ||
| 948 | _c04/03/1997 | ||
| 999 |
_c4791 _d4791 |
||